Aktivity Číny v Juhočínskom mori

Teritoriálne spory v Juhočínskom mori, predovšetkým čo sa týka čínskych nárokov na sporné oblasti v regióne. Historické pozadie sporu. Aktivity Číny a vývoj sporu za vlády čínskeho prezidenta Si Ťin-Pchinga.

Salvato in:
Dettagli Bibliografici
Autore principale: Ondriaš, Juraj, 1988-
Natura: Capitolo di libro
Lingua:slovacco
Soggetti:
Tags: Aggiungi Tag
Nessun Tag, puoi essere il primo ad aggiungerne!!

MARC

LEADER 00000nla a2200000 4500
001 0241557
005 20240502073932.5
041 0 |a slo 
044 |a SK 
245 1 0 |a Aktivity Číny v Juhočínskom mori  |c Juraj Ondriaš 
520 |a Teritoriálne spory v Juhočínskom mori, predovšetkým čo sa týka čínskych nárokov na sporné oblasti v regióne. Historické pozadie sporu. Aktivity Číny a vývoj sporu za vlády čínskeho prezidenta Si Ťin-Pchinga. 
610 2 0 |a politika zahraničná 
610 2 0 |a regióny 
610 2 0 |a geografia 
610 2 0 |a more 
610 2 0 |a konflikty 
610 2 0 |a prezidenti 
610 2 0 |a história 
610 2 0 |a vzťahy medzinárodné 
610 2 0 |a doprava námorná 
610 2 0 |a Čína 
610 2 0 |a Ázia 
100 1 |a Ondriaš, Juraj, 1988-